Datum a čas kvízu

28 Celkem bodů Celkový počet nahraných bodů na tomto kvízu bez doplňovacích otázek.
6. Pořadí na kvízu Konečné umístění týmu na tomto kvízu.

Zaznamenané odpovědi

# Otázka Odpověď Body Výsledky
1. Na fotce vidíme část peněz zac... Morava 0
2. Když se jeden manželský pár vr... A) koala 0
3. 70letá herečka Pamela Hayden,... Milhouse (Van Houten) 1
4. Jedna evropská automobilka min... Jaguar 1
5. Ve španělské Malaze se konalo... Itálie 0
6. Začneme ve Sluneční soustavě.... Uran 0
7. Níže jsou tři měsíce Jupiteru... D 0
8. Třetí otázka se bude týkat sou... Štír (uznáváme i odpověď Škorpion) 0
9. Nyní se podíváme na velmi vzdá... B) Krabí 1
10. V poslední otázce se podíváme... D) pulsar 1